Nghiên cứu sự phân bố của một số vi tảo tại hồ sông Đầm - xã Tam Thăng - thành phố Tam Kỳ

Xác định được thành phần loài, đặc điểm phân bố của vi tảo tại hồ sông Đầm (xã Tam Thăng, thành phố Tam Kỳ, tỉnh Quảng Nam) nhằm bổ sung dữ liệu khoa học cho hệ thực vật thủy sinh bậc thấp cho dự án “ Điều tra xây dựng cơ sở dữ liệu đa dạng sinh học tỉnh Quảng Nam” nằm trong “kế hoạch hành động Đa d...

Descrizione completa

Salvato in:
Dettagli Bibliografici
Autore principale: Nguyễn Thị Na
Altri autori: Đỗ Thu Hà PTS.TS (Hướng dẫn)
Natura: Libro
Lingua:Vietnamese
Pubblicazione: Đà Nẵng Trường Đại học sư phạm Đà Nẵng 2017
Soggetti:
Tags: Aggiungi Tag
Nessun Tag, puoi essere il primo ad aggiungerne! !
Thư viện lưu trữ: Mạng thư viện Đại học Đà Nẵng
LEADER 01927nam a2200337 4500
001 000024945
003 21436
005 20170419080404.0
008 170330s2017 viesd
041 |a vie 
082 1 4 |a 579.39  |b NG-N 
100 1 |a Nguyễn Thị Na 
245 1 |a Nghiên cứu sự phân bố của một số vi tảo tại hồ sông Đầm - xã Tam Thăng - thành phố Tam Kỳ  |c Nguyễn Thị Na ; Đỗ Thu Hà hướng dẫn.  |k Luận văn Thạc sĩ 
260 |a Đà Nẵng  |b Trường Đại học sư phạm Đà Nẵng  |c 2017 
300 |a 67 tr., phụ lục 32 tr.  |b bảng, hình mh.  |c 29 cm.  |e Tóm tắt 
500 |a Luận văn thạc sĩ Khoa học. Chuyên ngành: Sinh thái học. Mã số: 60.42.01.20 
520 3 |a Xác định được thành phần loài, đặc điểm phân bố của vi tảo tại hồ sông Đầm (xã Tam Thăng, thành phố Tam Kỳ, tỉnh Quảng Nam) nhằm bổ sung dữ liệu khoa học cho hệ thực vật thủy sinh bậc thấp cho dự án “ Điều tra xây dựng cơ sở dữ liệu đa dạng sinh học tỉnh Quảng Nam” nằm trong “kế hoạch hành động Đa dạng sinh học tỉnh Quảng Nam năm 2015 và định hướng đến năm 2020”. 
650 0 4 |a Vi tảo  |v Luận văn tốt nghiệp  |x Nghiên cứu  |z Tam Kỳ (Quảng Nam) 
653 |a Sinh thái học 
653 |a Vi tảo 
700 1 |a Đỗ Thu Hà  |c PTS.TS  |e Hướng dẫn 
OWN |a LSP 
AVA |a UDN50  |b LSP  |d 579.39 NG-N  |e available  |t Error 5001 Not defined in file expand_doc_bib_avail.  |f 1  |g 0  |h N  |i 0  |k 1 
999 |a From the UDN01 
AVA |a UDN50  |b LSP  |d 579.39 NG-N  |e available  |t Error 5001 Not defined in file expand_doc_bib_avail.  |f 1  |g 0  |h N  |i 0  |k 1 
TYP |a Monograph 
TYP |a Printed language 
980 |a Mạng thư viện Đại học Đà Nẵng